Normal view
MARC view
Entry Personal Name
001 - CONTROL NUMBER
- control field: 128892
003 - CONTROL NUMBER IDENTIFIER
- control field: OSt
005 - DATE AND TIME OF LATEST TRANSACTION
- control field: 20230728162006.0
008 - FIXED-LENGTH DATA ELEMENTS
- fixed length control field: 230728|| aca||aabn | a|a d
040 ## - CATALOGING SOURCE
- Original cataloging agency: OSt
- Transcribing agency: OSt
100 ## - HEADING--PERSONAL NAME
- Personal name: KUKKUVALLI (Bhaskara Rai): ಕುಕ್ಕುವಳ್ಳಿ (ಭಾಸ್ಕರ ರೈ)
670 ## - SOURCE DATA FOUND
- Source citation: Work cat.: (OSt): Bhaskara Rai Kukkuvalli: ಭಾಸ್ಕರ ರೈ ಕುಕ್ಕುವಳ್ಳಿ 128888, Ekanthadinda Lokantharake: , 2023